MARC

LEADER 00000nam0a2200000 4500
001 40424
005 20231031012748.0
010 |a 5040033494 
035 |a (RuTPU)RU\TPU\book\41478 
090 |a 40424 
100 |a 20020516d2002 m y0rusy50 ca 
101 0 |a rus 
102 |a RU 
105 |a a f 000zy 
200 1 |a Большая энциклопедия выживания в экстремальных ситуациях  |f А. А. Ильичев 
210 |a Москва  |c ЭКСМО-Пресс  |d 2002 
215 |a 496 с.  |c ил. 
610 1 |a медицина 
610 1 |a аварийные ситуации 
610 1 |a экстремальные ситуации 
610 1 |a риски 
610 1 |a выживание 
610 1 |a аварии 
610 1 |a сигнализация 
610 1 |a радиотехнические средства 
610 1 |a пиротехнические средства 
610 1 |a сигнальное зеркало 
610 1 |a звуковая сигнализация 
610 1 |a сигнальные костры 
610 1 |a свечи 
610 1 |a бутылочная почта 
610 1 |a ориентирование 
610 1 |a самовыживание 
610 1 |a пища 
610 1 |a добыча 
610 1 |a охота 
610 1 |a рыбалка 
610 1 |a водопотребление 
610 1 |a ядовитые растения 
610 1 |a первая помощь 
610 1 |a стихийные бедствия 
610 1 |a пожары 
610 1 |a грозы 
610 1 |a лавина 
610 1 |a ураганы 
610 1 |a пурга 
610 1 |a цунами 
610 1 |a сели 
610 1 |a опасные животные 
610 1 |a опасные насекомые 
610 1 |a индивидуальные средства 
610 1 |a неблагоприятные климатические условия 
610 1 |a энциклопедии 
610 1 |a эвакуация 
675 |a 614.8(03)  |v 3 
675 |a 796.5(03)  |v 3 
700 1 |a Ильичев  |b А. А.  |g Андрей Александрович 
801 1 |a RU  |b 63413507  |c 20020516  |g PSBO 
801 2 |a RU  |b 63413507  |c 20221201  |g PSBO 
942 |c BK